| 000 | 00494nam a2200169Ia 4500 | ||
|---|---|---|---|
| 008 | 210716s2002 xx 000 0 und d | ||
| 020 | _a8125913858 | ||
| 041 | _aeng | ||
| 082 | _a005.133 COMP | ||
| 100 | _aM S, Chitra; P, Pramod; L, Raghuveer. | ||
| 245 | _aComputer concepts and c programming. | ||
| 250 | _a1 | ||
| 260 |
_aNew Delhi _bVikas Publishing House Pvt Ltd _c2002 |
||
| 300 | _aCC66, CP310, AP10 | ||
| 650 | _aC Programming | ||
| 700 | _aM S, Chitra; P, Pramod; L, Raghuveer. | ||
| 999 |
_c185977 _d185977 |
||